Tilastot visalle Disney-hahmoja siluettien mukaan

Klikkaa tästä pelataksesi tätä visaa!

Yleistilastot

  • Tätä visaa on pelattu 55 kertaa
  • Keskiarvotulos 8 / 16

Vastaustilastot

Vastaus% Oikein
Hessu Hopo
98%
Roope Ankka
96%
Ariel
92%
Simba
77%
Martti
63%
Woody
62%
Stitch
58%
Liisa
50%
Dori
46%
Mowgli
44%
Quasimodo
37%
Rouva Pannu
27%
Inho
25%
Buu
13%
Neiti Rajaton
10%
Kuzco
8%

Tulosjakauma

Persentiili vastausten määrän mukaan

Jokaisen tuloksen saaneiden osuus

Tuloshistoriasi

Et ole pelannut tätä visaa